000
00221nam a2200085Ia 4500
008
120527s9999 xx 000 0 und d
100
_a
Krugman & Obstfeld
245
_a
International economics: theory and policy
942
_c
BK
999
_c
27260
_d
27260